<?xml version="1.0" encoding="UTF-8"?>
<collection xmlns="http://www.loc.gov/MARC21/slim">
<record>
  <controlfield tag="001">442801</controlfield>
  <controlfield tag="005">20200114154841.0</controlfield>
  <datafield tag="980" ind1=" " ind2=" ">
    <subfield code="a">I</subfield>
  </datafield>
  <datafield tag="035" ind1=" " ind2=" ">
    <subfield code="a">I:(DE-82)ama5_20140620</subfield>
  </datafield>
  <datafield tag="024" ind1="7" ind2=" ">
    <subfield code="a">I:(DE-82)ama5_20140620</subfield>
    <subfield code="2">I:(DE-82)</subfield>
  </datafield>
  <datafield tag="110" ind1="1" ind2=" ">
    <subfield code="a">Lehrstuhl für Angewandte Mathematik, insbesondere Informatik</subfield>
  </datafield>
  <datafield tag="909" ind1="C" ind2="O">
    <subfield code="o">oai:publications.rwth-aachen.de:442801</subfield>
    <subfield code="p">authority:INSTITUTE</subfield>
    <subfield code="p">authority</subfield>
  </datafield>
  <datafield tag="373" ind1="9" ind2="8">
    <subfield code="a">I:(DE-82)ama5_20140620</subfield>
    <subfield code="s">20140620</subfield>
    <subfield code="t">20140627</subfield>
  </datafield>
  <datafield tag="410" ind1="1" ind2=" ">
    <subfield code="a">ama5</subfield>
    <subfield code="w">d</subfield>
  </datafield>
  <datafield tag="510" ind1="1" ind2=" ">
    <subfield code="a">RWTH Aachen</subfield>
    <subfield code="0">I:(DE-588b)36225-6</subfield>
    <subfield code="2">I:(DE-588b)</subfield>
    <subfield code="w">t</subfield>
  </datafield>
  <datafield tag="750" ind1=" " ind2="7">
    <subfield code="a">Excluded Record for Update</subfield>
    <subfield code="0">V:(DE-HGF)23</subfield>
    <subfield code="2">HGFVOC</subfield>
    <subfield code="d">2019-12-10</subfield>
  </datafield>
  <datafield tag="750" ind1=" " ind2="7">
    <subfield code="a">Excluded Record for Update</subfield>
    <subfield code="0">V:(DE-HGF)23</subfield>
    <subfield code="2">HGFVOC</subfield>
    <subfield code="d">2019-12-10</subfield>
  </datafield>
  <datafield tag="980" ind1=" " ind2=" ">
    <subfield code="a">AUTHORITY</subfield>
  </datafield>
</record>
</collection>